| 000 | 00718nas a2200265 4500 | ||
|---|---|---|---|
| 001 | BR9213004 | ||
| 003 | BR-BrBNA | ||
| 005 | 20231205095207.0 | ||
| 007 | ta | ||
| 008 | 230509b bl.|||p| |||| 00| 00por d | ||
| 040 |
_aBR-BrBNA _bpor _cBiblioteca Nacional de Agricultura |
||
| 041 | _a(Pt) | ||
| 072 | _aN20 | ||
| 100 | 1 | _aLopes, N.V. | |
| 100 | 1 | _aBatista, J.M. | |
| 100 | 1 | _aBotelho, M. | |
| 100 | 1 | _aRibeiro, W.X. | |
| 245 | 1 | _aMaquina beneficiadora de mandioca | |
| 650 | _aMaquina Agricola | ||
| 650 | _aBeneficiamento | ||
| 650 | _aMandioca | ||
| 773 | 0 |
_tMaquinaria Agricola (Brazil) _x _g(Apr 1991), v. 6(2) p. 7-8 _wBR9213004 |
|
| 909 |
_a202311 _bLúcia _c55 _dLúcia Elande |
||
| 942 |
_2AGRIS _n0 _cANA |
||
| 999 |
_c149210 _d149210 |
||